Mniejszości narodowe i etniczne w Polsce - Statystyki

Ogólne statystyki
  • Ten quiz został rozwiązany 6 949 razy
  • Średni wynik to 8 z 13
Statystyki odpowiedzi
Rodzaj Mniejszość % Poprawnych
narodowa Niemcy
95%
narodowa Ukraińcy
89%
narodowa Rosjanie
84%
narodowa Czesi
83%
narodowa Białorusini
81%
narodowa Litwini
80%
narodowa Słowacy
79%
etniczna Romowie
66%
narodowa Żydzi
60%
etniczna Tatarzy
47%
etniczna Łemkowie
45%
narodowa Ormianie
21%
etniczna Karaimi
17%
Nie znaleziono quizów pasujących do podanych kryteriów
Rozkład punktacji
Procent ludzi z każdym wynikiem
Percentyl według liczby udzielonych odpowiedzi
Twoja historia wyników
Nie rozwiązałeś tego quizu